<?xml version="1.0" encoding="UTF-8"?>
<record
    xmlns:xsi="http://www.w3.org/2001/XMLSchema-instance"
    xsi:schemaLocation="http://www.loc.gov/MARC21/slim http://www.loc.gov/standards/marcxml/schema/MARC21slim.xsd"
    xmlns="http://www.loc.gov/MARC21/slim">

  <leader>01255nam a2200229 i 4500</leader>
  <controlfield tag="001">190108</controlfield>
  <controlfield tag="003">ES-MaACL</controlfield>
  <controlfield tag="005">20230906223637.0</controlfield>
  <controlfield tag="008">200729s1863    sp           |||| | spa d</controlfield>
  <datafield tag="080" ind1=" " ind2=" ">
    <subfield code="a">061.48(460.33 Lorca)</subfield>
  </datafield>
  <datafield tag="110" ind1="2" ind2=" ">
    <subfield code="a">Sociedad Econ&#xF3;mica de Amigos del Pa&#xED;s de Lorca.</subfield>
    <subfield code="9">170216</subfield>
  </datafield>
  <datafield tag="245" ind1="1" ind2="0">
    <subfield code="a">La esposici&#xF3;n [sic] agr&#xED;cola e industrial de Lorca en 1863 / </subfield>
    <subfield code="c">Sociedad Econ&#xF3;mica de Amigos del Pa&#xED;s de Lorca.</subfield>
  </datafield>
  <datafield tag="260" ind1=" " ind2=" ">
    <subfield code="a">Lorca : </subfield>
    <subfield code="b">[s.n.], </subfield>
    <subfield code="c">1863 (</subfield>
    <subfield code="f">Imp. de J. B.&#xAA; Campoy)</subfield>
  </datafield>
  <datafield tag="300" ind1=" " ind2=" ">
    <subfield code="a">8, 47, 11 p. ; </subfield>
    <subfield code="c">22 cm.</subfield>
  </datafield>
  <datafield tag="505" ind1="8" ind2=" ">
    <subfield code="a">Contiene: Memoria le&#xED;da por el sr. vice-director de la Sociedad Econ&#xF3;mica de Amigos del Pa&#xED;s de esta ciudad, en la sesi&#xF3;n p&#xFA;blica celebrada en 20 de diciembre de 1863, de acuerdo con lo prevenido en el art&#xED;culo 60 de los Estatutos generales (8 p.) . Lista nominal de los ss. espositores [sic] que han obtenido premios (11 p.)</subfield>
  </datafield>
  <datafield tag="530" ind1=" " ind2=" ">
    <subfield code="a">Disponible en formato digital.</subfield>
  </datafield>
  <datafield tag="610" ind1="2" ind2="4">
    <subfield code="a">Sociedad Econ&#xF3;mica de Amigos del Pa&#xED;s de Lorca.</subfield>
    <subfield code="9">170216</subfield>
  </datafield>
  <datafield tag="611" ind1="2" ind2=" ">
    <subfield code="a">Exposici&#xF3;n agr&#xED;cola e industrial. </subfield>
    <subfield code="d">(1863. </subfield>
    <subfield code="c">Lorca)</subfield>
    <subfield code="9">176205</subfield>
  </datafield>
  <datafield tag="650" ind1=" " ind2="4">
    <subfield code="a">Ferias agr&#xED;colas.</subfield>
    <subfield code="9">170217</subfield>
  </datafield>
  <datafield tag="852" ind1="4" ind2=" ">
    <subfield code="a">ES-MaACL</subfield>
    <subfield code="j">T-82-F-11</subfield>
  </datafield>
  <datafield tag="856" ind1="4" ind2=" ">
    <subfield code="u">http://bdh-rd.bne.es/viewer.vm?id=0000115761&amp;page=1 </subfield>
    <subfield code="z">Biblioteca Digital Hisp&#xE1;nica</subfield>
  </datafield>
  <datafield tag="999" ind1=" " ind2=" ">
    <subfield code="c">190108</subfield>
    <subfield code="d">190108</subfield>
  </datafield>
  <datafield tag="952" ind1=" " ind2=" ">
    <subfield code="0">0</subfield>
    <subfield code="1">0</subfield>
    <subfield code="4">0</subfield>
    <subfield code="7">0</subfield>
    <subfield code="8">Colecci&#xF3;n_de_folletos</subfield>
    <subfield code="a">ATENEOM</subfield>
    <subfield code="b">ATENEOM</subfield>
    <subfield code="c">DEPOF</subfield>
    <subfield code="d">2005-04-02</subfield>
    <subfield code="e">SC</subfield>
    <subfield code="l">0</subfield>
    <subfield code="o">T-82-F-11</subfield>
    <subfield code="p">1201798</subfield>
    <subfield code="r">2023-02-23 00:00:00</subfield>
    <subfield code="w">2023-02-23</subfield>
    <subfield code="y">FOLLETOS</subfield>
  </datafield>
</record>
